| 000 | 00617nam a2200241 a 4500 | ||
|---|---|---|---|
| 001 | nice12345678 | ||
| 003 | IN_TiNIC | ||
| 005 | 20260116011303.0 | ||
| 008 | 050524s1915 shea grp 000 0 per | ||
| 020 |
_a _c0.3 |
||
| 082 | 0 | 0 |
_a297.4 _bANS |
| 100 | _aAnsari, Khwaja | ||
| 245 | _aAnwarut Tahqeeq and Other Books | ||
| 260 |
_aSheeraz _bAhmedi Press _c1915 |
||
| 300 | _a130p | ||
| 500 | _aincludes index and biblioraphy | ||
| 505 | 2 | _aAramaic Approach to the Four Gospels By Archdeacon Barkat Ullah | |
| 650 | _aSufism | ||
| 700 | 1 | _aAnsari, Khwaja | |
| 902 | _bSRS | ||
| 942 | _cBK | ||
| 999 |
_c185 _d185 |
||